| 000 | 00746pam a2200229 a 4500 | ||
|---|---|---|---|
| 001 | 2580424 | ||
| 005 | 20171215070858.0 | ||
| 008 | 960723s1996 nhua b 001 0 eng | ||
| 010 | _a 96032481 | ||
| 020 | _a0435088637 (alk. paper) | ||
| 040 |
_aDLC _cDLC _dDLC |
||
| 041 | _aeng | ||
| 080 | _a372.4 FOU | ||
| 082 | 0 | 0 |
_a372.4 FOU _220 |
| 100 | 1 | _a46 | |
| 101 | _aEDU | ||
| 245 | 1 | 0 |
_aGuided reading : _cIrene C. Fountas and Gay Su Pinnell. |
| 504 | _aIncludes bibliographical references (p. 393-397) and index. | ||
| 906 |
_a7 _bcbu _corignew _d1 _eocip _f19 _gy-gencatlg |
||
| 942 |
_2ddc _cBK |
||
| 999 |
_c39002 _d39002 |
||